| 000 | 00690cam a22002411 4500 | ||
|---|---|---|---|
| 001 | med47001937 | ||
| 003 | DLC | ||
| 005 | 20260227111604.0 | ||
| 008 | 810920s1946 xx 000 0 fre | ||
| 010 | _amed47001937 | ||
| 035 | _a(OCoLC)14742879 | ||
| 040 |
_aDLC _cDNLM _dDLC |
||
| 042 | _apremarc | ||
| 050 | 0 | 0 |
_aRC601 _b.B343 |
| 060 | 0 | 0 |
_aWM 100 _bB295py 1946 |
| 060 | 0 | 0 | _aFilm 3832 no. 1 |
| 100 | 1 |
_aBaruk, Henri, _d1897- |
|
| 245 | 1 | 0 | _aPsychoses et névroses ... |
| 260 |
_aParis, _bPresses universitaires de France, _c1946. |
||
| 300 | _a135, [1] p. | ||
| 490 | 0 |
_a"Que sais-je?" Le point des connaissances _vactuelles. 221 |
|
| 500 |
_aMicrofilmed for preservation _5DNLM |
||
| 999 |
_c38467 _d38467 |
||